| 000 | 00995nam0a22002771 4500 | ||
|---|---|---|---|
| 001 | v19\rc\1651032 | ||
| 005 | 20250619003125.0 | ||
| 035 | _a(NLR Aleph) 004762315 | ||
| 090 |
_a4588947 _c4588947 |
||
| 100 | _a20061002d1888 |||y0rusy50 ca | ||
| 101 | 0 | _arus | |
| 102 | _aRU | ||
| 105 | _ay z ||||| | ||
| 200 | 1 |
_aРоссия и Болгария _eИст. справка. [Гл.] 16-20 _f[С. Татищев] |
|
| 210 |
_a[Санкт-Петербург _d1888] |
||
| 215 |
_a[56] л. _d30 |
||
| 300 | _aНачало ст. напеч. в газ. "Новое время". 1888, № 4347-4350, 4354-4356, 4359, 4361, 4363, 4364, 4368-4370 | ||
| 300 | _aАвт. указан в конце текста | ||
| 309 | _aБез тит. л. и обл. | ||
| 700 | 1 |
_aТатищев _bС.С. _f1846-1906 _gСергей Спиридонович |
|
| 801 | 0 |
_aRU _bNLR _gpsbo |
|
| 801 | 0 |
_aRU _bRuMoRGB _2psbo |
|
| 801 | 1 |
_aRU _bProSoft-M _2rusmarc |
|
| 852 |
_aNLR _j20.58.4.260 |
||
| 942 | _cBOOK | ||
| 980 | _aNB | ||